[Event "DEM U14w 2021"]
[Site "Willingen GER"]
[Date "2021.08.26"]
[Round "6"]
[White "Voigt, Anastasia"]
[Black "Labuda, Annika"]
[Result "1-0"]
[Termination "normal"]
[Board "5"]
[WhiteElo "1737"]
[BlackElo "1284"]
[WhiteClock "00:23:33"]
[BlackClock "00:27:27"]
[PlyCount "95"]
[WhiteFideId "16235223"]
[BlackFideId "16261453"]
[EventCountry "GER"]
[EventRounds "9"]
[EventType "swiss"]
[EventDate "2021.08.22"]

1. e4 {[%clk 01:30:59]} e5 {[%clk 01:30:53]} {[%emt 00:00:07]} 2. Nf3 {[%clk
01:31:23]} {[%emt 00:00:05]} Nc6 {[%clk 01:31:11]} {[%emt 00:00:12]} 3. Bc4
{[%clk 01:31:48]} {[%emt 00:00:05]} Nf6 {[%clk 01:31:28]} {[%emt 00:00:12]} 4.
d3 {[%clk 01:32:12]} {[%emt 00:00:07]} Bc5 {[%clk 01:31:45]} {[%emt 00:00:12]}
5. c3 {[%clk 01:32:37]} {[%emt 00:00:05]} a6 {[%clk 01:31:57]} {[%emt
00:00:18]} 6. Bb3 {[%clk 01:32:46]} {[%emt 00:00:22]} Ba7 {[%clk 01:32:15]}
{[%emt 00:00:12]} 7. Nbd2 {[%clk 01:32:58]} {[%emt 00:00:18]} O-O {[%clk
01:32:28]} {[%emt 00:00:18]} 8. h3 {[%clk 01:32:31]} {[%emt 00:00:56]} d6
{[%clk 01:32:29]} {[%emt 00:00:30]} 9. Nf1 {[%clk 01:32:51]} {[%emt 00:00:09]}
Re8 {[%clk 01:31:15]} {[%emt 00:01:45]} 10. Ng3 {[%clk 01:32:43]} {[%emt
00:00:38]} h6 {[%clk 01:28:22]} {[%emt 00:03:22]} 11. O-O {[%clk 01:32:01]}
{[%emt 00:01:11]} d5 {[%clk 01:24:54]} {[%emt 00:03:59]} 12. exd5 {[%clk
01:25:43]} {[%emt 00:06:49]} Nxd5 {[%clk 01:24:14]} {[%emt 00:01:10]} 13. Re1
{[%clk 01:24:45]} {[%emt 00:01:27]} Kh8 {[%clk 01:19:41]} {[%emt 00:05:03]} 14.
Re2 {[%clk 01:18:15]} {[%emt 00:07:01]} f6 {[%clk 01:14:50]} {[%emt 00:05:21]}
15. Qe1 {[%clk 01:12:41]} {[%emt 00:06:03]} Nde7 {[%clk 01:08:58]} {[%emt
00:06:23]} 16. Bc2 {[%clk 01:10:33]} {[%emt 00:02:38]} Nf5 {[%clk 01:03:15]}
{[%emt 00:06:12]} 17. Ne4 {[%clk 01:08:26]} {[%emt 00:02:38]} Nd6 {[%clk
00:57:32]} {[%emt 00:06:13]} 18. Be3 {[%clk 00:58:38]} {[%emt 00:10:18]} Nxe4
{[%clk 00:55:30]} {[%emt 00:02:32]} 19. dxe4 {[%clk 00:58:57]} {[%emt
00:00:10]} Bxe3 {[%clk 00:54:52]} {[%emt 00:01:10]} 20. Rxe3 {[%clk 00:59:11]}
{[%emt 00:00:15]} Qe7 {[%clk 00:53:28]} {[%emt 00:01:53]} 21. Rd1 {[%clk
00:55:55]} {[%emt 00:03:48]} Be6 {[%clk 00:52:29]} {[%emt 00:01:27]} 22. Nh4
{[%clk 00:55:27]} {[%emt 00:00:55]} Qf7 {[%clk 00:50:15]} {[%emt 00:02:47]} 23.
b3 {[%clk 00:54:54]} {[%emt 00:01:03]} Rad8 {[%clk 00:49:03]} {[%emt 00:01:40]}
24. Bd3 {[%clk 00:52:39]} {[%emt 00:02:47]} Ne7 {[%clk 00:45:55]} {[%emt
00:03:37]} 25. Rg3 {[%clk 00:47:58]} {[%emt 00:05:11]} g5 {[%clk 00:43:57]}
{[%emt 00:02:28]} 26. Nf3 {[%clk 00:44:21]} {[%emt 00:04:08]} Ng6 {[%clk
00:42:36]} {[%emt 00:01:51]} 27. Nd2 {[%clk 00:41:42]} {[%emt 00:03:09]} Nf4
{[%clk 00:41:18]} {[%emt 00:01:47]} 28. Bc4 {[%clk 00:41:19]} {[%emt 00:00:53]}
Bxc4 {[%clk 00:39:46]} {[%emt 00:02:03]} 29. Nxc4 {[%clk 00:41:27]} {[%emt
00:00:22]} Rd7 {[%clk 00:39:15]} {[%emt 00:01:01]} 30. Rb1 {[%clk 00:35:26]}
{[%emt 00:06:29]} Red8 {[%clk 00:38:15]} {[%emt 00:01:32]} 31. a4 {[%clk
00:34:26]} {[%emt 00:01:30]} Rd3 {[%clk 00:35:09]} {[%emt 00:03:35]} 32. Rxd3
{[%clk 00:34:04]} {[%emt 00:00:53]} Rxd3 {[%clk 00:35:18]} {[%emt 00:00:21]}
33. Ne3 {[%clk 00:32:49]} {[%emt 00:01:45]} h5 {[%clk 00:30:11]} {[%emt
00:05:35]} 34. c4 {[%clk 00:31:51]} {[%emt 00:01:29]} c6 {[%clk 00:25:05]}
{[%emt 00:05:37]} 35. b4 {[%clk 00:30:34]} {[%emt 00:01:48]} b5 {[%clk
00:21:16]} {[%emt 00:04:18]} 36. axb5 {[%clk 00:28:24]} {[%emt 00:02:40]} axb5
{[%clk 00:21:06]} {[%emt 00:00:41]} 37. c5 {[%clk 00:27:03]} {[%emt 00:01:51]}
Qd7 {[%clk 00:15:17]} {[%emt 00:06:17]} 38. Ra1 {[%clk 00:22:37]} {[%emt
00:04:56]} Rd2 {[%clk 00:13:01]} {[%emt 00:02:46]} 39. Ra6 {[%clk 00:17:24]}
{[%emt 00:05:44]} Ne2+ {[%clk 00:09:08]} {[%emt 00:04:21]} 40. Kh2 {[%clk
00:12:42]} {[%emt 00:05:08]} Nc3 {[%clk 00:08:16]} {[%emt 00:01:26]} 41. Nd5
{[%clk 00:03:45]} {[%emt 00:09:29]} Ra2 {[%clk 00:02:15]} {[%emt 00:06:30]} 42.
Rxa2 {[%clk 00:02:25]} {[%emt 00:01:51]} Nxa2 {[%clk 00:02:36]} {[%emt
00:00:07]} 43. Qa1 {[%clk 00:30:23]} {[%emt 00:02:31]} cxd5 {[%clk 00:32:01]}
{[%emt 00:01:05]} 44. Qxa2 {[%clk 00:30:10]} {[%emt 00:00:44]} d4 {[%clk
00:31:53]} {[%emt 00:00:38]} 45. Qa8+ {[%clk 00:30:16]} {[%emt 00:00:24]} Kg7
{[%clk 00:31:16]} {[%emt 00:01:07]} 46. c6 {[%clk 00:30:19]} {[%emt 00:00:28]}
Qf7 {[%clk 00:29:30]} {[%emt 00:02:15]} 47. Qd8 {[%clk 00:23:33]} {[%emt
00:07:13]} d3 {[%clk 00:27:27]} {[%emt 00:02:36]} 48. c7 {[%emt 00:02:09]} 1-0

[Event "DEM U14w 2021"]
[Site "Willingen GER"]
[Date "2021.08.26"]
[Round "6"]
[White "Glowiak, Alexandra"]
[Black "Wilmink, Anna"]
[Result "0-1"]
[Termination "normal"]
[Board "6"]
[WhiteElo "1413"]
[BlackElo "1565"]
[WhiteClock "00:54:13"]
[BlackClock "00:50:56"]
[PlyCount "68"]
[WhiteFideId "16259530"]
[BlackFideId "16273680"]
[EventCountry "GER"]
[EventRounds "9"]
[EventType "swiss"]
[EventDate "2021.08.22"]

1. e4 {[%clk 01:30:56]} {[%emt 00:00:05]} c5 {[%clk 01:30:51]} {[%emt
00:00:09]} 2. Nf3 {[%clk 01:31:19]} {[%emt 00:00:06]} Nc6 {[%clk 01:31:10]}
{[%emt 00:00:11]} 3. d4 {[%clk 01:31:41]} {[%emt 00:00:09]} cxd4 {[%clk
01:31:25]} {[%emt 00:00:15]} 4. Nxd4 {[%clk 01:32:06]} {[%emt 00:00:04]} e5
{[%clk 01:31:47]} {[%emt 00:00:09]} 5. Nb3 {[%clk 01:31:39]} {[%emt 00:00:57]}
Nf6 {[%clk 01:31:56]} {[%emt 00:00:20]} 6. f3 {[%clk 01:31:35]} {[%emt
00:00:35]} d5 {[%clk 01:31:29]} {[%emt 00:00:56]} 7. exd5 {[%clk 01:25:24]}
{[%emt 00:06:40]} Nxd5 {[%clk 01:29:14]} {[%emt 00:02:46]} 8. Bc4 {[%clk
01:24:11]} {[%emt 00:01:43]} Qh4+ {[%clk 01:24:52]} {[%emt 00:04:52]} 9. g3
{[%clk 01:21:43]} {[%emt 00:02:58]} Qxc4 {[%clk 01:24:18]} {[%emt 00:01:04]}
10. N1d2 {[%clk 01:20:28]} {[%emt 00:01:44]} Qb4 {[%clk 01:22:21]} {[%emt
00:02:28]} 11. a3 {[%clk 01:18:55]} {[%emt 00:02:04]} Qe7 {[%clk 01:17:59]}
{[%emt 00:04:51]} 12. Ne4 {[%clk 01:17:31]} {[%emt 00:01:53]} Nf6 {[%clk
01:14:49]} {[%emt 00:03:41]} 13. Bg5 {[%clk 01:17:36]} {[%emt 00:00:24]} h6
{[%clk 01:13:50]} {[%emt 00:01:29]} 14. Bxf6 {[%clk 01:17:40]} {[%emt
00:00:26]} gxf6 {[%clk 01:13:48]} {[%emt 00:00:31]} 15. Qd2 {[%clk 01:16:35]}
{[%emt 00:01:36]} f5 {[%clk 01:11:15]} {[%emt 00:03:04]} 16. Nf2 {[%clk
01:16:15]} {[%emt 00:00:49]} Qd6 {[%clk 01:10:08]} {[%emt 00:01:37]} 17. Qe2
{[%clk 01:12:50]} {[%emt 00:03:54]} Be6 {[%clk 01:08:09]} {[%emt 00:02:30]} 18.
Rd1 {[%clk 01:11:06]} {[%emt 00:02:14]} Qc7 {[%clk 01:07:16]} {[%emt 00:01:23]}
19. O-O {[%clk 01:05:31]} {[%emt 00:06:04]} Bd6 {[%clk 01:05:37]} {[%emt
00:02:10]} 20. Nd3 {[%clk 01:02:04]} {[%emt 00:03:57]} O-O-O {[%clk 01:03:32]}
{[%emt 00:02:35]} 21. Ndc1 {[%clk 01:00:36]} {[%emt 00:01:57]} h5 {[%clk
01:00:03]} {[%emt 00:04:00]} 22. h4 {[%clk 00:58:32]} {[%emt 00:02:33]} f4
{[%clk 00:55:30]} {[%emt 00:05:04]} 23. gxf4 {[%clk 00:55:55]} {[%emt
00:03:07]} Rhg8+ {[%clk 00:54:56]} {[%emt 00:01:04]} 24. Kh1 {[%clk 00:55:15]}
{[%emt 00:01:09]} exf4 {[%clk 00:53:30]} {[%emt 00:01:57]} 25. Rg1 {[%clk
00:55:04]} {[%emt 00:00:41]} Qe7 {[%clk 00:51:37]} {[%emt 00:02:24]} 26. Qh2
{[%clk 00:54:55]} {[%emt 00:00:37]} Rg3 {[%clk 00:51:16]} {[%emt 00:00:52]} 27.
Rxg3 {[%clk 00:54:35]} {[%emt 00:00:50]} fxg3 {[%clk 00:51:30]} {[%emt
00:00:16]} 28. Qe2 {[%clk 00:53:27]} {[%emt 00:01:37]} Qxh4+ {[%clk 00:51:16]}
{[%emt 00:00:45]} 29. Kg1 {[%clk 00:53:44]} {[%emt 00:00:12]} Bc5+ {[%clk
00:50:24]} {[%emt 00:01:23]} 30. Nd4 {[%clk 00:52:50]} {[%emt 00:01:23]} Bxd4+
{[%clk 00:50:27]} {[%emt 00:00:28]} 31. Rxd4 {[%clk 00:53:11]} {[%emt
00:00:09]} Rxd4 {[%clk 00:50:33]} {[%emt 00:00:24]} 32. Nd3 {[%clk 00:53:26]}
{[%emt 00:00:15]} Qh2+ {[%clk 00:50:11]} {[%emt 00:00:52]} 33. Qxh2 {[%clk
00:53:49]} {[%emt 00:00:07]} gxh2+ {[%clk 00:50:35]} {[%emt 00:00:06]} 34. Kxh2
{[%clk 00:54:13]} {[%emt 00:00:06]} Rxd3 {[%clk 00:50:56]} {[%emt 00:00:09]}
0-1

[Event "DEM U14w 2021"]
[Site "Willingen GER"]
[Date "2021.08.26"]
[Round "6"]
[White "Ulrich, Helena Irene"]
[Black "Prinzen, Siri Marleen"]
[Result "0-1"]
[Termination "normal"]
[Board "7"]
[WhiteElo "1540"]
[BlackElo "1626"]
[WhiteClock "00:17:41"]
[BlackClock "00:37:26"]
[PlyCount "92"]
[WhiteFideId "16256000"]
[BlackFideId "16265912"]
[EventCountry "GER"]
[EventRounds "9"]
[EventType "swiss"]
[EventDate "2021.08.22"]

1. e4 {[%clk 01:30:57]} {[%emt 00:00:03]} c6 {[%clk 01:30:53]} {[%emt
00:00:07]} 2. d4 {[%clk 01:31:22]} {[%emt 00:00:05]} d5 {[%clk 01:31:17]}
{[%emt 00:00:06]} 3. exd5 {[%clk 01:31:45]} {[%emt 00:00:07]} cxd5 {[%clk
01:31:41]} {[%emt 00:00:06]} 4. Bd3 {[%clk 01:32:10]} {[%emt 00:00:05]} Nc6
{[%clk 01:32:03]} {[%emt 00:00:09]} 5. c3 {[%clk 01:32:27]} {[%emt 00:00:13]}
Qc7 {[%clk 01:32:27]} {[%emt 00:00:06]} 6. h3 {[%clk 01:32:32]} {[%emt
00:00:24]} Nf6 {[%clk 01:32:15]} {[%emt 00:00:42]} 7. Nf3 {[%clk 01:32:06]}
{[%emt 00:00:56]} g6 {[%clk 01:30:08]} {[%emt 00:02:37]} 8. O-O {[%clk
01:30:07]} {[%emt 00:02:30]} Bg7 {[%clk 01:28:21]} {[%emt 00:02:15]} 9. Nbd2
{[%clk 01:28:17]} {[%emt 00:02:20]} Bf5 {[%clk 01:26:31]} {[%emt 00:02:21]} 10.
Qe2 {[%clk 01:11:12]} {[%emt 00:17:35]} O-O {[%clk 01:22:51]} {[%emt 00:04:11]}
11. Re1 {[%clk 01:08:19]} {[%emt 00:03:23]} Rfe8 {[%clk 01:17:15]} {[%emt
00:06:06]} 12. Ne5 {[%clk 01:00:22]} {[%emt 00:08:26]} Bxd3 {[%clk 01:12:33]}
{[%emt 00:05:11]} 13. Qxd3 {[%clk 00:55:08]} {[%emt 00:05:44]} a6 {[%clk
01:10:39]} {[%emt 00:02:24]} 14. Ndf3 {[%clk 00:44:08]} {[%emt 00:11:30]} Ne4
{[%clk 01:01:03]} {[%emt 00:10:06]} 15. Nxc6 {[%clk 00:42:32]} {[%emt
00:02:06]} bxc6 {[%clk 00:57:35]} {[%emt 00:03:58]} 16. Ng5 {[%clk 00:28:21]}
{[%emt 00:14:42]} Nxg5 {[%clk 00:52:51]} {[%emt 00:05:13]} 17. Bxg5 {[%clk
00:28:45]} {[%emt 00:00:06]} f6 {[%clk 00:52:32]} {[%emt 00:00:50]} 18. Bd2
{[%clk 00:25:00]} {[%emt 00:04:15]} e5 {[%clk 00:50:45]} {[%emt 00:02:16]} 19.
c4 {[%clk 00:20:15]} {[%emt 00:05:15]} e4 {[%clk 00:47:35]} {[%emt 00:03:40]}
20. Qc2 {[%clk 00:19:34]} {[%emt 00:01:11]} Qb6 {[%clk 00:43:51]} {[%emt
00:04:14]} 21. c5 {[%clk 00:18:35]} {[%emt 00:01:30]} Qc7 {[%clk 00:41:45]}
{[%emt 00:02:36]} 22. Be3 {[%clk 00:14:40]} {[%emt 00:04:24]} f5 {[%clk
00:40:29]} {[%emt 00:01:46]} 23. Qd2 {[%clk 00:14:22]} {[%emt 00:00:48]} Rf8
{[%clk 00:37:48]} {[%emt 00:03:10]} 24. Bf4 {[%clk 00:14:22]} {[%emt 00:00:31]}
Qd7 {[%clk 00:34:38]} {[%emt 00:03:41]} 25. Bd6 {[%clk 00:14:02]} {[%emt
00:00:49]} Rf7 {[%clk 00:33:49]} {[%emt 00:01:19]} 26. Bf4 {[%clk 00:14:15]}
{[%emt 00:00:17]} Qd8 {[%clk 00:30:46]} {[%emt 00:03:33]} 27. Bg5 {[%clk
00:11:00]} {[%emt 00:03:46]} Qb8 {[%clk 00:29:26]} {[%emt 00:01:49]} 28. Bf4
{[%clk 00:11:02]} {[%emt 00:00:28]} Qb5 {[%clk 00:29:21]} {[%emt 00:00:36]} 29.
Rac1 {[%clk 00:09:27]} {[%emt 00:02:04]} Rb7 {[%clk 00:26:39]} {[%emt
00:03:12]} 30. Rc2 {[%clk 00:06:59]} {[%emt 00:02:58]} Qb4 {[%clk 00:25:29]}
{[%emt 00:01:39]} 31. Be3 {[%clk 00:06:56]} {[%emt 00:00:33]} Rab8 {[%clk
00:24:30]} {[%emt 00:01:29]} 32. b3 {[%clk 00:06:19]} {[%emt 00:01:07]} Qxd2
{[%clk 00:23:37]} {[%emt 00:01:24]} 33. Rxd2 {[%clk 00:06:45]} {[%emt
00:00:04]} Rf8 {[%clk 00:23:05]} {[%emt 00:01:02]} 34. g3 {[%clk 00:05:12]}
{[%emt 00:02:03]} h6 {[%clk 00:21:34]} {[%emt 00:02:01]} 35. Rdd1 {[%clk
00:04:43]} {[%emt 00:00:59]} g5 {[%clk 00:20:44]} {[%emt 00:01:20]} 36. g4
{[%clk 00:03:26]} {[%emt 00:01:46]} f4 {[%clk 00:20:06]} {[%emt 00:01:08]} 37.
Bc1 {[%clk 00:03:49]} {[%emt 00:00:07]} a5 {[%clk 00:17:09]} {[%emt 00:03:29]}
38. Re2 {[%clk 00:00:41]} {[%emt 00:03:37]} Ra8 {[%clk 00:15:53]} {[%emt
00:01:46]} 39. Ba3 {[%clk 00:00:36]} {[%emt 00:00:36]} Kh7 {[%clk 00:14:10]}
{[%emt 00:02:12]} 40. Ree1 {[%clk 00:00:43]} {[%emt 00:00:24]} Kg6 {[%clk
00:14:07]} {[%emt 00:00:32]} 41. Kg2 {[%clk 00:29:35]} {[%emt 00:01:39]} Rh8
{[%clk 00:43:15]} {[%emt 00:01:21]} 42. Rh1 {[%clk 00:24:30]} {[%emt 00:05:36]}
Bf6 {[%clk 00:41:32]} {[%emt 00:02:14]} 43. Rhe1 {[%clk 00:23:16]} {[%emt
00:01:45]} h5 {[%clk 00:41:21]} {[%emt 00:00:40]} 44. Rh1 {[%clk 00:18:19]}
{[%emt 00:05:27]} hxg4 {[%clk 00:38:42]} {[%emt 00:03:09]} 45. hxg4 {[%clk
00:18:39]} {[%emt 00:00:09]} f3+ {[%clk 00:37:23]} {[%emt 00:01:50]} 46. Kg3
{[%clk 00:17:41]} {[%emt 00:01:28]} Rbh7 {[%clk 00:37:26]} {[%emt 00:00:26]}
0-1

[Event "DEM U14w 2021"]
[Site "Willingen GER"]
[Date "2021.08.26"]
[Round "6"]
[White "Reich, Elisabeth"]
[Black "Luzgina, Anastasija"]
[Result "1/2-1/2"]
[Termination "normal"]
[Board "8"]
[WhiteElo "1368"]
[BlackElo "1548"]
[WhiteClock "00:31:08"]
[BlackClock "00:28:01"]
[PlyCount "127"]
[WhiteFideId "16239776"]
[BlackFideId "24280860"]
[EventCountry "GER"]
[EventRounds "9"]
[EventType "swiss"]
[EventDate "2021.08.22"]

1. e4 {[%clk 01:30:54]} {[%emt 00:00:03]} c6 {[%clk 01:30:52]} {[%emt
00:00:07]} 2. d3 {[%clk 01:31:21]} {[%emt 00:00:04]} d5 {[%clk 01:31:15]}
{[%emt 00:00:07]} 3. Nd2 {[%clk 01:31:46]} {[%emt 00:00:05]} e6 {[%clk
01:30:08]} {[%emt 00:01:36]} 4. Ngf3 {[%clk 01:31:57]} {[%emt 00:00:20]} Bc5
{[%clk 01:29:52]} {[%emt 00:00:46]} 5. g3 {[%clk 01:30:11]} {[%emt 00:02:16]}
Nd7 {[%clk 01:30:08]} {[%emt 00:00:15]} 6. Bg2 {[%clk 01:29:39]} {[%emt
00:01:00]} dxe4 {[%clk 01:29:33]} {[%emt 00:01:06]} 7. dxe4 {[%clk 01:29:50]}
{[%emt 00:00:18]} Ngf6 {[%clk 01:29:44]} {[%emt 00:00:19]} 8. O-O {[%clk
01:29:15]} {[%emt 00:01:05]} O-O {[%clk 01:29:33]} {[%emt 00:00:42]} 9. c3
{[%clk 01:27:58]} {[%emt 00:01:47]} b5 {[%clk 01:29:04]} {[%emt 00:00:59]} 10.
e5 {[%clk 01:21:59]} {[%emt 00:06:29]} Nd5 {[%clk 01:27:31]} {[%emt 00:02:02]}
11. Nb3 {[%clk 01:18:41]} {[%emt 00:03:47]} Ba6 {[%clk 01:18:25]} {[%emt
00:09:37]} 12. Nxc5 {[%clk 01:16:19]} {[%emt 00:02:52]} Nxc5 {[%clk 01:18:43]}
{[%emt 00:00:13]} 13. Re1 {[%clk 01:16:10]} {[%emt 00:00:35]} Qb6 {[%clk
01:16:39]} {[%emt 00:02:37]} 14. Be3 {[%clk 01:13:02]} {[%emt 00:03:34]} Rad8
{[%clk 01:16:45]} {[%emt 00:00:28]} 15. Qc2 {[%clk 01:11:38]} {[%emt 00:01:44]}
Nxe3 {[%clk 01:11:41]} {[%emt 00:05:45]} 16. Rxe3 {[%clk 01:11:34]} {[%emt
00:00:34]} Rd7 {[%clk 01:10:20]} {[%emt 00:01:51]} 17. Rd1 {[%clk 01:07:10]}
{[%emt 00:04:53]} Rfd8 {[%clk 01:08:25]} {[%emt 00:02:25]} 18. Rxd7 {[%clk
01:05:10]} {[%emt 00:02:31]} Rxd7 {[%clk 01:08:47]} {[%emt 00:00:08]} 19. Nd4
{[%clk 01:03:39]} {[%emt 00:02:01]} Bb7 {[%clk 01:07:41]} {[%emt 00:01:36]} 20.
Re1 {[%clk 00:59:05]} {[%emt 00:04:58]} Qc7 {[%clk 00:45:53]} {[%emt 00:22:23]}
21. Rd1 {[%clk 00:54:37]} {[%emt 00:04:56]} a5 {[%clk 00:43:23]} {[%emt
00:03:02]} 22. Nf3 {[%clk 00:51:52]} {[%emt 00:03:14]} Rxd1+ {[%clk 00:40:56]}
{[%emt 00:02:59]} 23. Qxd1 {[%clk 00:52:18]} {[%emt 00:00:04]} Nd7 {[%clk
00:40:49]} {[%emt 00:00:37]} 24. Qe2 {[%clk 00:50:03]} {[%emt 00:02:38]} b4
{[%clk 00:39:56]} {[%emt 00:01:30]} 25. cxb4 {[%clk 00:47:11]} {[%emt
00:03:21]} axb4 {[%clk 00:37:46]} {[%emt 00:02:41]} 26. Qd3 {[%clk 00:40:35]}
{[%emt 00:07:02]} g6 {[%clk 00:37:28]} {[%emt 00:00:51]} 27. Nd4 {[%clk
00:36:12]} {[%emt 00:04:53]} Nxe5 {[%clk 00:36:43]} {[%emt 00:01:16]} 28. Qe4
{[%clk 00:35:30]} {[%emt 00:01:06]} Nc4 {[%clk 00:32:50]} {[%emt 00:04:29]} 29.
b3 {[%clk 00:34:05]} {[%emt 00:01:52]} Na5 {[%clk 00:32:09]} {[%emt 00:01:14]}
30. Qc2 {[%clk 00:31:54]} {[%emt 00:02:38]} c5 {[%clk 00:31:13]} {[%emt
00:01:29]} 31. Bxb7 {[%clk 00:31:28]} {[%emt 00:00:56]} Nxb7 {[%clk 00:31:36]}
{[%emt 00:00:06]} 32. Nf3 {[%clk 00:29:59]} {[%emt 00:01:57]} Qd6 {[%clk
00:30:45]} {[%emt 00:01:24]} 33. Nd2 {[%clk 00:29:42]} {[%emt 00:00:45]} Qd5
{[%clk 00:30:11]} {[%emt 00:01:05]} 34. Ne4 {[%clk 00:28:02]} {[%emt 00:02:06]}
Qf5 {[%clk 00:30:08]} {[%emt 00:00:38]} 35. Qc4 {[%clk 00:25:54]} {[%emt
00:02:37]} Kg7 {[%clk 00:30:00]} {[%emt 00:00:37]} 36. h4 {[%clk 00:23:50]}
{[%emt 00:02:36]} Qd5 {[%clk 00:28:04]} {[%emt 00:02:24]} 37. Qe2 {[%clk
00:23:39]} {[%emt 00:00:37]} Qe5 {[%clk 00:22:34]} {[%emt 00:06:01]} 38. Qc2
{[%clk 00:22:41]} {[%emt 00:01:28]} f5 {[%clk 00:20:07]} {[%emt 00:03:01]} 39.
Nd2 {[%clk 00:21:19]} {[%emt 00:01:35]} Qc3 {[%clk 00:17:28]} {[%emt 00:03:26]}
40. Qd1 {[%clk 00:19:17]} {[%emt 00:02:32]} Kf6 {[%clk 00:09:15]} {[%emt
00:08:43]} 41. Nc4 {[%clk 00:17:07]} {[%emt 00:02:40]} Ke7 {[%clk 00:06:37]}
{[%emt 00:03:07]} 42. Qe2 {[%clk 00:10:51]} {[%emt 00:06:44]} Nd6 {[%clk
00:03:57]} {[%emt 00:03:13]} 43. Nxd6 {[%clk 00:08:49]} {[%emt 00:02:31]} Kxd6
{[%clk 00:04:11]} {[%emt 00:00:18]} 44. Qa6+ {[%clk 00:08:14]} {[%emt
00:01:04]} Ke5 {[%clk 00:03:35]} {[%emt 00:01:04]} 45. Qa8 {[%clk 00:05:40]}
{[%emt 00:02:58]} Qe1+ {[%clk 00:03:53]} {[%emt 00:00:19]} 46. Kh2 {[%clk
00:02:13]} {[%emt 00:03:51]} Qxf2+ {[%clk 00:04:14]} {[%emt 00:00:15]} 47. Kh3
{[%clk 00:02:18]} {[%emt 00:00:19]} Qf1+ {[%clk 00:03:59]} {[%emt 00:00:50]}
48. Kh2 {[%clk 00:02:35]} {[%emt 00:00:11]} Qe2+ {[%clk 00:04:19]} {[%emt
00:00:11]} 49. Kh3 {[%clk 00:02:46]} {[%emt 00:00:17]} Qe4 {[%clk 00:04:21]}
{[%emt 00:00:30]} 50. Qh8+ {[%clk 00:02:18]} {[%emt 00:00:58]} Kd5 {[%clk
00:04:41]} {[%emt 00:00:09]} 51. Qd8+ {[%clk 00:02:29]} {[%emt 00:00:17]} Ke5
{[%clk 00:04:31]} {[%emt 00:00:43]} 52. Qh8+ {[%clk 00:02:48]} {[%emt
00:00:12]} Kd6 {[%clk 00:04:36]} {[%emt 00:00:24]} 53. Qd8+ {[%clk 00:02:33]}
{[%emt 00:00:44]} Kc6 {[%clk 00:04:59]} {[%emt 00:00:08]} 54. Qc8+ {[%clk
00:02:17]} {[%emt 00:00:45]} Kb6 {[%clk 00:03:20]} {[%emt 00:02:11]} 55. Qd8+
{[%clk 00:01:36]} {[%emt 00:01:09]} Ka7 {[%clk 00:00:36]} {[%emt 00:03:14]} 56.
Qa5+ {[%clk 00:01:07]} {[%emt 00:01:00]} Kb7 {[%clk 00:30:27]} {[%emt
00:00:39]} 57. Qb5+ {[%clk 00:31:19]} {[%emt 00:00:15]} Kc7 {[%clk 00:29:02]}
{[%emt 00:01:58]} 58. Qa5+ {[%clk 00:30:56]} {[%emt 00:00:53]} Kd7 {[%clk
00:27:50]} {[%emt 00:01:43]} 59. Qa7+ {[%clk 00:31:05]} {[%emt 00:00:18]} Ke8
{[%clk 00:27:49]} {[%emt 00:00:31]} 60. Qb8+ {[%clk 00:30:58]} {[%emt
00:00:39]} Kf7 {[%clk 00:27:40]} {[%emt 00:00:37]} 61. Qc7+ {[%clk 00:30:42]}
{[%emt 00:00:49]} Kg8 {[%clk 00:27:50]} {[%emt 00:00:19]} 62. Qd8+ {[%clk
00:30:52]} {[%emt 00:00:21]} Kg7 {[%clk 00:27:59]} {[%emt 00:00:20]} 63. Qe7+
{[%clk 00:31:05]} {[%emt 00:00:16]} Kh6 {[%clk 00:28:01]} {[%emt 00:00:27]} 64.
Qg5+ {[%clk 00:31:08]} {[%emt 00:00:28]} 1/2-1/2